Моделирование гибких обменных и электроионитных систем изотопного разделения; Физико-технические проблемы в науке, промышленности и медицине

Bibliographische Detailangaben
Parent link:Физико-технические проблемы в науке, промышленности и медицине.— 2015.— [С. 155-156]
Körperschaft: Национальный исследовательский Томский политехнический университет
Weitere Verfasser: Балашков В. С., Дрогалев А. С., Котельникова А. А., Вергун А. П. Анатолий Павлович
Zusammenfassung:Заглавие с титульного экрана
Sprache:Russisch
Veröffentlicht: 2015
Schriftenreihe:Физико-химические и изотопные технологии в науке, промышленности и медицине
Schlagworte:
Online-Zugang:http://earchive.tpu.ru/handle/11683/17393
http://www.lib.tpu.ru/fulltext/c/2015/C49/125.pdf
Format: MixedMaterials Elektronisch Buchkapitel
KOHA link:https://koha.lib.tpu.ru/cgi-bin/koha/opac-detail.pl?biblionumber=612717

MARC

LEADER 00000naa2a2200000 4500
001 612717
005 20250506141126.0
035 |a (RuTPU)RU\TPU\conf\10848 
035 |a RU\TPU\conf\10847 
090 |a 612717 
100 |a 20150624d2015 k y0rusy50 ca 
101 0 |a rus 
102 |a RU 
105 |a y z 101zy 
135 |a drgn ---uucaa 
181 0 |a i  
182 0 |a b 
200 1 |a Моделирование гибких обменных и электроионитных систем изотопного разделения  |f В. С. Балашков, А. С. Дрогалев, А. А. Котельникова, А. П. Вергун 
203 |a Текст  |c электронный 
225 1 |a Физико-химические и изотопные технологии в науке, промышленности и медицине 
300 |a Заглавие с титульного экрана 
320 |a [Библиогр.: с. 156 (3 назв.)] 
337 |a Adobe Reader 
463 0 |0 (RuTPU)RU\TPU\conf\10637  |t Физико-технические проблемы в науке, промышленности и медицине  |o сборник тезисов докладов VII Международной научно-практической конференции, г. Томск, 3-6 июня 2015 г.  |f Национальный исследовательский Томский политехнический университет (ТПУ) ; под ред. А. Н. Дьяченко [и др.]  |v [С. 155-156]  |d 2015 
610 1 |a труды учёных ТПУ 
610 1 |a электронный ресурс 
610 1 |a моделирование 
610 1 |a гибкие системы 
610 1 |a иониты 
610 1 |a изотопное разделение 
701 1 |a Балашков  |b В. С. 
701 1 |a Дрогалев  |b А. С. 
701 1 |a Котельникова  |b А. А. 
701 1 |a Вергун  |b А. П.  |c физик  |c профессор Томского политехнического университета, доктор физико-математических наук  |f 1938-  |g Анатолий Павлович  |3 (RuTPU)RU\TPU\pers\21951  |9 9271 
712 0 2 |a Национальный исследовательский Томский политехнический университет  |c (2009- )  |9 26305 
801 2 |a RU  |b 63413507  |c 20210210  |g RCR 
850 |a 63413507 
856 4 |u http://earchive.tpu.ru/handle/11683/17393 
856 4 |u http://www.lib.tpu.ru/fulltext/c/2015/C49/125.pdf 
942 |c BK